[Event "CZE-ch Betsys Online Blitz"]
[Site "Chess.com INT"]
[Date "2021.04.17"]
[Round "6"]
[White "Krouzel, Jaroslav"]
[Black "Netusil, Miloslav"]
[Result "0-1"]
[WhiteElo "2139"]
[BlackElo "2146"]
[PlyCount "106"]
[EventDate "2021.04.17"]
[EventType "swiss (blitz)"]
[EventRounds "13"]
[EventCountry "CZE"]
[SourceTitle "CBM 201 Extra"]
[Source "ChessBase"]
[SourceDate "2021.05.31"]
[SourceVersion "1"]
[SourceVersionDate "2021.05.31"]
[SourceQuality "1"]

1. d4 d5 2. Nf3 Nf6 3. Bf4 e6 4. e3 c5 5. c3 Nc6 6. Bd3 Bd6 7. Bg3 0-0 8. Nbd2 b6 9. Ne5 Ne7 10. f4 Nf5 11. Bf2 h5 12. Bxf5 exf5 13. Bh4 g6 14. 0-0 Bb7 15. Ndf3 Be7 16. Bxf6 Bxf6 17. Qe2 Qe7 18. Qf2 Kg7 19. h3 Rh8 20. g3 a5 21. Kg2 Qe6 22. a3 Be7 23. Rfe1 c4 24. Nd2 h4 25. g4 f6 26. gxf5 Qxf5 27. Ng4 Bd6 28. Re2 Rae8 29. Kh1 Re7 30. Rg1 Kf7 31. Qf3 b5 32. Rf2 Qd3 33. Rfg2 Rhe8 34. Nh6+ Kf8 35. Rxg6 Rxe3 36. Rg8+ Ke7 37. Rxe8+ Kxe8 38. Qh5+ Kd7 39. Qf7+ Kc6 40. Rg7 Rxh3+ 41. Kg2 Rg3+ 42. Rxg3 Qxg3+ 43. Kf1 h3 44. Qe8+ Kb6 45. Qd8+ Bc7 46. Qxf6+ Ka7 47. Nf3 Qg2+ 48. Ke1 h2 49. Nxh2 Qxh2 50. Nf5 Qg1+ 51. Ke2 Qg2+ 52. Ke3 Qg3+ 53. Ke2 Bxf4 0-1

[Event "Pardubice Kraj op-G"]
[Site "Pardubice"]
[Date "2020.09.23"]
[Round "1"]
[White "Krouzel, Jaroslav"]
[Black "Ricar Sr, Jiri"]
[Result "1-0"]
[WhiteElo "2073"]
[BlackElo "1565"]
[PlyCount "70"]
[EventDate "2020.09.23"]
[EventType "swiss (rapid)"]
[EventRounds "9"]
[EventCountry "CZE"]
[SourceTitle "CBM 198 Extra"]
[Source "ChessBase"]
[SourceDate "2020.11.30"]
[SourceVersion "1"]
[SourceVersionDate "2020.11.30"]
[SourceQuality "1"]

1. d4 Nf6 2. c4 g6 3. Nc3 Bg7 4. e4 d6 5. Be2 0-0 6. Bg5 e5 7. dxe5 dxe5 8. Qxd8 Rxd8 9. Nd5 Rxd5 10. exd5 Ne4 11. Be3 Bf5 12. Nf3 Nd7 13. 0-0 Ndf6 14. h3 b6 15. g4 Bc8 16. Bd3 Nc5 17. Bc2 e4 18. Nd4 Nd3 19. Bxd3 exd3 20. Rad1 Ba6 21. b3 b5 22. Nxb5 Nxd5 23. Rxd3 Nb4 24. Rd2 Bb7 25. Nxc7 Rc8 26. Nb5 Bf3 27. Nxa7 Ra8 28. a3 Na6 29. b4 Nc7 30. b5 Bc3 31. Rd7 Ba5 32. b6 Ne6 33. c5 Be2 34. Rc1 Ba6 35. c6 Nf8 1-0

[Event "Pardubice op rapid 30th"]
[Site "Pardubice"]
[Date "2019.07.19"]
[Round "9"]
[White "Krouzel, Jaroslav"]
[Black "Medvedyk, Volodymyr"]
[Result "0-1"]
[WhiteElo "2117"]
[BlackElo "2197"]
[PlyCount "57"]
[EventDate "2019.07.17"]
[EventType "swiss (rapid)"]
[EventRounds "9"]
[EventCountry "CZE"]
[SourceTitle "CBM 191 Extra"]
[Source "ChessBase"]
[SourceDate "2019.09.30"]
[SourceVersion "1"]
[SourceVersionDate "2019.09.30"]
[SourceQuality "1"]

1. d4 Nf6 2. c4 g6 3. Nc3 Bg7 4. e4 0-0 5. Be2 d6 6. Bg5 Na6 7. f4 c6 8. e5 dxe5 9. dxe5 Nd7 10. Nf3 f6 11. exf6 exf6 12. Bh4 Qe7 13. Qd2 Ndc5 14. 0-0 Rd8 15. Qc1 Nb4 16. Re1 Qc7 17. Qe3 Ne6 18. Rac1 Qxf4 19. Qxf4 Nxf4 20. Bf1 Kf7 21. Rcd1 Nbd3 22. Re3 Bf5 23. g4 Bxg4 24. Bxd3 Bh6 25. Ne5+ fxe5 26. Bxg6+ Nxg6 27. Rxd8 Bxe3+ 28. Kf1 Rxd8 29. Bxd8 0-1

[Event "Pardubice op rapid 30th"]
[Site "Pardubice"]
[Date "2019.07.17"]
[Round "1"]
[White "Krouzel, Jaroslav"]
[Black "Manik, Mikulas"]
[Result "0-1"]
[WhiteElo "2117"]
[BlackElo "2377"]
[PlyCount "60"]
[EventDate "2019.07.17"]
[EventType "swiss (rapid)"]
[EventRounds "9"]
[EventCountry "CZE"]
[SourceTitle "CBM 191 Extra"]
[Source "ChessBase"]
[SourceDate "2019.09.30"]
[SourceVersion "1"]
[SourceVersionDate "2019.09.30"]
[SourceQuality "1"]

1. d4 Nf6 2. Nf3 g6 3. Bf4 c5 4. c3 Qb6 5. Qc2 d6 6. Nbd2 cxd4 7. cxd4 Nc6 8. e3 Bf5 9. Qb3 Bg7 10. Bc4 d5 11. Qxb6 axb6 12. Be2 0-0 13. 0-0 Nb4 14. a3 Nd3 15. Nh4 Nxf4 16. exf4 Bd7 17. Nhf3 Rfc8 18. Rac1 e6 19. Ne5 Be8 20. Bd3 b5 21. Nb3 Bf8 22. Nc5 b6 23. Nb3 b4 24. axb4 Bxb4 25. Rxc8 Rxc8 26. Ra1 Ne4 27. f3 Nd2 28. Nc1 b5 29. Kf2 Nc4 30. b3 Bc3 0-1

[Event "Pardubice op rapid 29th"]
[Site "Pardubice"]
[Date "2018.07.19"]
[Round "4"]
[White "Gallego Alcaraz, Andres Felipe"]
[Black "Krouzel, Jaroslav"]
[Result "1-0"]
[WhiteElo "2504"]
[BlackElo "2079"]
[PlyCount "61"]
[EventDate "2018.07.18"]
[EventType "swiss (rapid)"]
[EventRounds "9"]
[EventCountry "CZE"]
[SourceTitle "CBM 185 Extra"]
[Source "ChessBase"]
[SourceDate "2018.07.29"]
[SourceVersion "1"]
[SourceVersionDate "2018.07.29"]
[SourceQuality "1"]

1. d4 f5 2. Nf3 Nf6 3. g3 d6 4. Bg2 g6 5. 0-0 Bg7 6. b3 0-0 7. Bb2 Ne4 8. Nfd2 Nxd2 9. Nxd2 Nd7 10. Nc4 Nb6 11. Na5 c6 12. Qd2 Qc7 13. c4 Bd7 14. Rac1 Rad8 15. b4 Bc8 16. d5 Bxb2 17. Qxb2 cxd5 18. cxd5 Qd7 19. Rc2 Qb5 20. Qd4 Nd7 21. Rfc1 Qb6 22. Qd2 Ne5 23. Rc7 Rfe8 24. a3 Qa6 25. R1c3 b6 26. Nc6 Nxc6 27. dxc6 Be6 28. Bd5 Bxd5 29. Qxd5+ Kf8 30. b5 Qa4 31. Re3 1-0

[Event "CZE-chT2A 1617"]
[Site "Czech Republic"]
[Date "2016.10.09"]
[Round "1.8"]
[White "Krouzel, Jaroslav"]
[Black "Hajek, Jiri2222"]
[Result "1-0"]
[WhiteElo "2169"]
[BlackElo "2002"]
[PlyCount "85"]
[EventDate "2016.10.09"]
[EventType "team-tourn"]
[EventRounds "11"]
[EventCountry "CZE"]
[SourceTitle "EXT 2022"]
[Source "ChessBase"]
[SourceDate "2021.10.06"]
[SourceVersion "1"]
[SourceVersionDate "2021.10.06"]
[SourceQuality "1"]
[WhiteTeam "Pankrac II"]
[BlackTeam "Domazlice"]
[WhiteTeamCountry "CZE"]
[BlackTeamCountry "CZE"]

1. d4 Nf6 2. c4 e5 3. dxe5 Ng4 4. Nf3 Nc6 5. e3 Ngxe5 6. Be2 Bb4+ 7. Nbd2 0-0 8. 0-0 Bxd2 9. Bxd2 d6 10. Bc3 Be6 11. b3 f5 12. Nd4 Bd7 13. f4 Ng6 14. Bf3 Qe7 15. Qd2 Rae8 16. Rae1 a6 17. g3 Qd8 18. h4 Nge7 19. h5 h6 20. b4 Rf7 21. Nb3 Be6 22. Qd3 d5 23. Nc5 dxc4 24. Qxd8 Nxd8 25. Nxe6 Nxe6 26. Bxb7 c6 27. Be5 Kh8 28. Bxa6 Nd5 29. Bxc4 Nxb4 30. Rd1 Nd5 31. Bxd5 cxd5 32. Rxd5 Ra7 33. Rf2 Kg8 34. Rfd2 Rea8 35. Bd4 Nxd4 36. exd4 Ra3 37. Rg2 Rd3 38. Kh2 Raa3 39. Rd7 Kf8 40. d5 Rd4 41. Rb2 Re4 42. Rb8+ Re8 43. Rxe8+ 1-0

[Event "Ostrava Konik op-A"]
[Site "Ostrava"]
[Date "2016.05.05"]
[Round "6"]
[White "Lojek, Marek"]
[Black "Krouzel, Jaroslav"]
[Result "0-1"]
[WhiteElo "2049"]
[BlackElo "2167"]
[PlyCount "78"]
[EventDate "2016.04.30"]
[EventType "swiss"]
[EventRounds "9"]
[EventCountry "CZE"]
[SourceTitle "CBM 172 Extra"]
[Source "ChessBase"]
[SourceDate "2016.06.21"]
[SourceVersion "1"]
[SourceVersionDate "2016.06.21"]
[SourceQuality "1"]

1. d4 f5 2. Nc3 Nf6 3. Bg5 e6 4. a3 d5 5. Qd2 Be7 6. f3 0-0 7. 0-0-0 c6 8. Nh3 b5 9. Na2 a5 10. Nf4 Qb6 11. Kb1 Na6 12. g4 b4 13. a4 b3 14. cxb3 Qxb3 15. Bxf6 Rxf6 16. gxf5 Rxf5 17. Bh3 Rf6 18. Rhg1 Rb8 19. Nd3 Qxa4 20. Ne5 Ba3 21. Nc3 Qb3 22. Nd3 Bf8 23. Rg3 Bd7 24. Rdg1 Be8 25. Ne5 a4 26. Nd1 Nb4 27. Qc3 Qa2+ 28. Kc1 Qa1+ 29. Kd2 Na6 30. Qc2 a3 31. Ne3 Qxb2 32. Qxb2 Rxb2+ 33. Kc1 h5 34. Nc2 Nb4 35. Nxb4 Rxb4 36. e3 Rb2 37. R1g2 Rxg2 38. Rxg2 c5 39. Rc2 c4 0-1

[Event "Ostrava Konik op-A"]
[Site "Ostrava"]
[Date "2016.05.03"]
[Round "4"]
[White "Didi, Jan"]
[Black "Krouzel, Jaroslav"]
[Result "1/2-1/2"]
[WhiteElo "2054"]
[BlackElo "2167"]
[PlyCount "154"]
[EventDate "2016.04.30"]
[EventType "swiss"]
[EventRounds "9"]
[EventCountry "CZE"]
[SourceTitle "CBM 172 Extra"]
[Source "ChessBase"]
[SourceDate "2016.06.21"]
[SourceVersion "1"]
[SourceVersionDate "2016.06.21"]
[SourceQuality "1"]

1. e4 e6 2. d4 d5 3. Nd2 Nc6 4. c3 dxe4 5. Nxe4 Nf6 6. Bd3 e5 7. Nf3 exd4 8. Nxf6+ Qxf6 9. 0-0 Bg4 10. Be4 Be7 11. Qa4 Bxf3 12. Bxf3 dxc3 13. Bg5 Qxg5 14. Bxc6+ Kf8 15. Bxb7 cxb2 16. Rab1 Rd8 17. Rxb2 Bc5 18. Re1 g6 19. Qc6 Bb6 20. Rbe2 Kg7 21. h3 Rd6 22. Qc3+ Qf6 23. Qxf6+ Kxf6 24. Be4 Rhd8 25. Bc2 Ba5 26. Rf1 Rd2 27. Rxd2 Rxd2 28. Bb3 Bb6 29. g3 Ke7 30. Kg2 f5 31. Kf3 Kf6 32. h4 h6 33. Bc4 a5 34. a4 Rc2 35. Bb5 c6 36. Be2 Ra2 37. Rc1 c5 38. Rb1 Bc7 39. Rb7 Bd6 40. Bb5 c4 41. Rb6 Ke5 42. Rc6 Ra3+ 43. Ke2 c3 44. f3 Kd5 45. g4 fxg4 46. fxg4 Bb4 47. Kd3 Ra1 48. h5 gxh5 49. gxh5 Rd1+ 50. Kc2 Rd2+ 51. Kb1 Bc5 52. Rc8 Rh2 53. Rd8+ Ke6 54. Re8+ Kf6 55. Be2 Be7 56. Bd3 Rb2+ 57. Ka1 Rd2 58. Bg6 Bc5 59. Rc8 Bd4 60. Kb1 Rb2+ 61. Kc1 Ra2 62. Rc4 Be5 63. Kb1 Rb2+ 64. Kc1 Ke6 65. Bc2 Kd5 66. Rc8 Rb4 67. Rd8+ Kc6 68. Rc8+ Kd5 69. Rd8+ Kc4 70. Rc8+ Kd4 71. Rd8+ Ke3 72. Kd1 Rh4 73. Bg6 Rh1+ 74. Kc2 Rh2+ 75. Kd1 Ra2 76. Rd5 Ra1+ 77. Kc2 Ra2+ 1/2-1/2

[Event "Pardubice op rap 26th"]
[Site "Pardubice"]
[Date "2015.07.23"]
[Round "9"]
[White "Krouzel, Jaroslav"]
[Black "Yakimenko, Alexander A"]
[Result "1-0"]
[WhiteElo "2169"]
[BlackElo "2202"]
[PlyCount "77"]
[EventDate "2015.07.22"]
[EventType "swiss (rapid)"]
[EventRounds "9"]
[EventCountry "CZE"]
[SourceTitle "CBM 167 Extra"]
[Source "ChessBase"]
[SourceDate "2015.09.14"]
[SourceVersion "1"]
[SourceVersionDate "2015.09.14"]
[SourceQuality "1"]

1. d4 e6 2. c4 Nf6 3. Nc3 Bb4 4. Bg5 c5 5. d5 h6 6. Bh4 Qa5 7. Bxf6 gxf6 8. Qc2 Bxc3+ 9. bxc3 d6 10. e3 Nd7 11. dxe6 fxe6 12. Qg6+ Kd8 13. Ne2 Kc7 14. g3 Ne5 15. Qg7+ Bd7 16. Bg2 Rag8 17. Qxf6 Rf8 18. Qh4 Nd3+ 19. Kd2 Nxf2 20. Rhb1 b6 21. Nf4 Rhg8 22. Qe7 Re8 23. Nxe6+ Kc8 24. Bb7+ Kxb7 25. Qxd7+ Kb8 26. Qxd6+ Kb7 27. Qd5+ Kb8 28. Rf1 Qa3 29. Rac1 Rxe6 30. Rxf2 Ree8 31. Qd6+ Kb7 32. Qd7+ Kb8 33. Qd6+ Kb7 34. Rf7+ Ka6 35. Rc2 Qa4 36. Qc7 Rd8+ 37. Ke1 Ra8 38. Qb7+ Ka5 39. Qxa7+ 1-0

[Event "Pardubice op rap 26th"]
[Site "Pardubice"]
[Date "2015.07.22"]
[Round "2"]
[White "Nosek, Jan"]
[Black "Krouzel, Jaroslav"]
[Result "1-0"]
[WhiteElo "1772"]
[BlackElo "2169"]
[PlyCount "79"]
[EventDate "2015.07.22"]
[EventType "swiss (rapid)"]
[EventRounds "9"]
[EventCountry "CZE"]
[SourceTitle "CBM 167 Extra"]
[Source "ChessBase"]
[SourceDate "2015.09.14"]
[SourceVersion "1"]
[SourceVersionDate "2015.09.14"]
[SourceQuality "1"]

1. e4 e6 2. d4 d5 3. Nd2 Nc6 4. Ngf3 Nf6 5. e5 Nd7 6. c3 f6 7. Bd3 fxe5 8. Nxe5 Ndxe5 9. dxe5 Nxe5 10. Qh5+ Nf7 11. Bxh7 Be7 12. Nf3 Bf6 13. g4 Kf8 14. g5 Be7 15. Nh4 Ne5 16. f4 Qe8 17. Qxe8+ Kxe8 18. Bg6+ Kd8 19. fxe5 Rxh4 20. Kf2 Bd7 21. Kg3 Rh8 22. Rf1 Bb5 23. Rf7 Rg8 24. Bh7 Rh8 25. g6 Bf8 26. Bg5+ Ke8 27. h4 Bd3 28. h5 Rxh7 29. gxh7 Bxh7 30. Raf1 Bf5 31. Rxc7 b6 32. b4 a5 33. b5 Rb8 34. Rh1 Bd3 35. a4 Bc2 36. h6 gxh6 37. Bxh6 Kd8 38. Rf7 Bxh6 39. Rxh6 Ke8 40. Ra7 1-0

[Event "Pardubice op rap 25th"]
[Site "Pardubice"]
[Date "2014.07.17"]
[Round "5"]
[White "Michenka, Jozef"]
[Black "Krouzel, Jaroslav"]
[Result "1/2-1/2"]
[WhiteElo "2326"]
[BlackElo "2125"]
[PlyCount "87"]
[EventDate "2014.07.16"]
[EventType "swiss (rapid)"]
[EventRounds "9"]
[EventCountry "CZE"]
[SourceTitle "EXT 2015"]
[Source "ChessBase"]
[SourceDate "2014.11.20"]
[SourceVersion "1"]
[SourceVersionDate "2014.11.20"]
[SourceQuality "1"]

1. d4 f5 2. g3 Nf6 3. Bg2 d6 4. Nf3 g6 5. b4 Bg7 6. Bb2 0-0 7. 0-0 Ne4 8. c4 Nd7 9. Nbd2 Nxd2 10. Qxd2 Nf6 11. Ng5 Qe8 12. d5 Bd7 13. Rfe1 h6 14. Ne6 Bxe6 15. dxe6 c6 16. Rab1 g5 17. b5 Rc8 18. bxc6 bxc6 19. Qa5 Ne4 20. Bxg7 Kxg7 21. Qxa7 Nc5 22. Red1 Kg8 23. Rd2 Nxe6 24. Rb7 Rf7 25. Rdb2 Nc5 26. Rb8 Kg7 27. Qa8 Rf8 28. Rxc8 Qxc8 29. Qxc6 Qxc6 30. Bxc6 Rc8 31. Bd5 Rc7 32. f4 Ra7 33. Kf2 Ra4 34. Rc2 Kf6 35. fxg5+ hxg5 36. Ke1 Ke5 37. Bc6 Ra3 38. Kf2 g4 39. Kg2 Kd4 40. Bd5 Ra4 41. Kf2 e6 42. Bc6 Ra3 43. Rd2+ Ke5 44. Rc2 1/2-1/2

[Event "Ostrava Seniors op"]
[Site "Ostrava"]
[Date "2014.04.29"]
[Round "4"]
[White "Kostal, Otakar"]
[Black "Krouzel, Jaroslav"]
[Result "0-1"]
[WhiteElo "2008"]
[BlackElo "2135"]
[PlyCount "74"]
[EventDate "2014.04.26"]
[EventType "swiss"]
[EventRounds "9"]
[EventCountry "CZE"]
[SourceTitle "CBM 160 Extra"]
[Source "ChessBase"]
[SourceDate "2014.07.01"]
[SourceVersion "1"]
[SourceVersionDate "2014.07.01"]
[SourceQuality "1"]

1. d4 f5 2. g3 Nf6 3. c4 d6 4. Nf3 g6 5. Bg2 Bg7 6. Nc3 0-0 7. 0-0 Qe8 8. d5 a5 9. a3 Na6 10. Qc2 h6 11. Re1 Nc5 12. Be3 Nfe4 13. Nxe4 Nxe4 14. Nd2 Nxd2 15. Qxd2 Kh7 16. Bd4 Qf7 17. Bxg7 Qxg7 18. f4 e5 19. dxe6 Bxe6 20. Rac1 a4 21. e4 fxe4 22. Rxe4 Bf5 23. Re3 Ra6 24. Rce1 Rb6 25. Re7 Rf7 26. Rxf7 Qxf7 27. Qd4 c5 28. Qd1 Be6 29. Bd5 Bxd5 30. cxd5 Qg7 31. Qxa4 Rxb2 32. Qd1 Ra2 33. Qd3 Qb2 34. Re7+ Kh8 35. Re8+ Kg7 36. Re7+ Kf8 37. Re8+ Kf7 0-1

[Event "Tatry op"]
[Site "Tatranske Zruby"]
[Date "2013.10.01"]
[Round "3"]
[White "Jarmula, Lukasz"]
[Black "Krouzel, Jaroslav"]
[Result "1-0"]
[WhiteElo "2226"]
[BlackElo "2125"]
[PlyCount "89"]
[EventDate "2013.09.29"]
[EventType "swiss"]
[EventRounds "9"]
[EventCountry "SVK"]
[SourceTitle "CBM 156 Extra"]
[Source "ChessBase"]
[SourceDate "2013.10.22"]
[SourceVersion "1"]
[SourceVersionDate "2013.10.22"]
[SourceQuality "1"]

1. e4 e6 2. d4 d5 3. Nc3 Bb4 4. e5 c5 5. a3 Bxc3+ 6. bxc3 Ne7 7. Qg4 0-0 8. Bd3 f5 9. exf6 Rxf6 10. Bg5 Rf7 11. Qh5 g6 12. Qd1 Nbc6 13. Nf3 c4 14. Be2 Qf8 15. 0-0 h6 16. Bc1 Qg7 17. Ne1 g5 18. g3 e5 19. dxe5 Bh3 20. Ng2 Qxe5 21. Rb1 b6 22. Bh5 Rff8 23. Re1 Qf5 24. Qe2 Rad8 25. f3 Ng6 26. Ne3 Qf6 27. Rb5 Nge7 28. Ng4 Bxg4 29. Bxg4 Kg7 30. a4 Ng6 31. Ba3 Rfe8 32. Qxe8 Rxe8 33. Rxe8 Nge5 34. Rxd5 Nxf3+ 35. Kg2 Nfe5 36. Re6 Qf7 37. Rdxe5 Nxe5 38. Rxe5 Qf6 39. Re7+ Kh8 40. Re8+ Kg7 41. Bf8+ Kh7 42. Bf3 Kg6 43. Bb4 a5 44. Bd5 Kh7 45. Bf8 1-0

[Event "Imperia op-A 55th"]
[Site "Imperia"]
[Date "2013.09.06"]
[Round "8"]
[White "Lezzerini, Marco"]
[Black "Krouzel, Jaroslav"]
[Result "1/2-1/2"]
[WhiteElo "1960"]
[BlackElo "2125"]
[PlyCount "35"]
[EventDate "2013.09.01"]
[EventType "swiss"]
[EventRounds "9"]
[EventCountry "ITA"]
[SourceTitle "EXT 2015"]
[Source "ChessBase"]
[SourceDate "2014.11.20"]
[SourceVersion "1"]
[SourceVersionDate "2014.11.20"]
[SourceQuality "1"]

1. d4 f5 2. c4 Nf6 3. g3 g6 4. Bg2 Bg7 5. Nf3 d6 6. 0-0 0-0 7. Nc3 Qe8 8. d5 a5 9. Rb1 Na6 10. b3 Bd7 11. Nd4 c6 12. e4 fxe4 13. Nxe4 Nxe4 14. Bxe4 Nc7 15. Bb2 c5 16. Ne6 Nxe6 17. dxe6 Bc6 18. Bd5 1/2-1/2

[Event "Pardubice op rap 24th"]
[Site "Pardubice"]
[Date "2013.07.18"]
[Round "8"]
[White "Krouzel, Jaroslav"]
[Black "Borkovec, Milan"]
[Result "0-1"]
[WhiteElo "2159"]
[BlackElo "2188"]
[PlyCount "35"]
[EventDate "2013.07.17"]
[EventType "swiss (rapid)"]
[EventRounds "9"]
[EventCountry "CZE"]
[SourceTitle "CBM 155 Extra"]
[Source "ChessBase"]
[SourceDate "2013.08.26"]
[SourceVersion "1"]
[SourceVersionDate "2013.08.26"]
[SourceQuality "1"]

1. d4 Nf6 2. c4 c5 3. d5 e6 4. Nc3 exd5 5. cxd5 d6 6. e4 g6 7. Bf4 a6 8. a4 Bg7 9. Nf3 Bg4 10. Be2 Bxf3 11. Bxf3 0-0 12. 0-0 Qe7 13. e5 dxe5 14. d6 Qd7 15. Bxe5 Nc6 16. Bxf6 Bxf6 17. Ne4 Bd4 18. Qxd4 0-1